Online
Catalog

El rostro de América Latina / (Record no. 24870)

MARC details
000 -CABECERA
campo de control de longitud fija 01065nam a2200277 a 4500
001 - NÚMERO DE CONTROL
campo de control 000025378
005 - FECHA Y HORA DE LA ÚLTIMA TRANSACCIÓN
campo de control 20200930023738.0
008 - DATOS DE LONGITUD FIJA--INFORMACIÓN GENERAL
campo de control de longitud fija 110215s1970 ve r 000 0 spa d
040 ## - FUENTE DE LA CATALOGACIÓN
Centro catalogador/agencia de origen DO-SdBNP
Lengua de catalogación spa
Centro/agencia transcriptor BNPHU
082 ## - NÚMERO DE LA CLASIFICACIÓN DECIMAL DEWEY
Número de clasificación xxxxx
Número de documento/Ítem R839a
049 ## - FONDOS LOCALES (OCLC)
Fondos de biblioteca BNGR
245 03 - MENCIÓN DE TÍTULO
Título El rostro de América Latina /
Mención de responsabilidad, etc. Antonio L. Colajanni [et. al.]... ; traducción Fortunato Malan.
260 ## - PUBLICACIÓN, DISTRIBUCIÓN, ETC.
Lugar de publicación, distribución, etc. Caracas :
Nombre del editor, distribuidor, etc. Biblioteca Universidad Central de Venezuela,
Fecha de publicación, distribución, etc. 1970.
300 ## - DESCRIPCIÓN FÍSICA
Extensión 268 p. ;
Dimensiones 20.5 cm.
490 1# - MENCIÓN DE SERIE
Mención de serie Temas ;
Designación de volumen o secuencia 34
500 ## - NOTA GENERAL
Nota general Estos artífulos fueron publicados originalmente, en italiano, en la revista Ulisse, vol. IX, fasc. LXII, abril de 1968.
504 ## - NOTA DE BIBLIOGRAFÍA, ETC.
Nota de bibliografía, etc. Incluye referencias bibliográficas y notas al pie de las páginas.
700 1# - PUNTO DE ACCESO ADICIONAL--NOMBRE DE PERSONA
Nombre de persona Colajanni, Antonio L.
9 (RLIN) 51953
700 1# - PUNTO DE ACCESO ADICIONAL--NOMBRE DE PERSONA
Nombre de persona Santis, Sergio de
9 (RLIN) 51954
700 1# - PUNTO DE ACCESO ADICIONAL--NOMBRE DE PERSONA
Nombre de persona Giménez Landinez, Víctor Manuel
9 (RLIN) 51955
700 1# - PUNTO DE ACCESO ADICIONAL--NOMBRE DE PERSONA
Nombre de persona Livi, Augusto
9 (RLIN) 51956
700 1# - PUNTO DE ACCESO ADICIONAL--NOMBRE DE PERSONA
Nombre de persona Maza Zavala, D. F.
9 (RLIN) 51957
700 1# - PUNTO DE ACCESO ADICIONAL--NOMBRE DE PERSONA
Nombre de persona Ortega, Gregorio
9 (RLIN) 51958
700 1# - PUNTO DE ACCESO ADICIONAL--NOMBRE DE PERSONA
Nombre de persona Malan, Fortunato,
Término indicativo de función/relación tr.
9 (RLIN) 51959
830 #0 - PUNTO DE ACCESO ADICIONAL DE SERIE-TÍTULO UNIFORME
Título uniforme Temas ;
Número de parte o sección de la obra 34
9 (RLIN) 51960
Holdings
Estado de retiro Estado de pérdida Restricciones de uso No para préstamo Código de colección Localización permanente Ubicación/localización actual Ubicación en estantería Fecha de adquisición Número de inventario Total de préstamos Signatura topográfica completa Código de barras Fecha visto por última vez Precio válido a partir de Tipo de ítem Koha
        Monografías: Libros y Folletos General General En catalogación 15.02.2011 LF1   xxxxx R839a 25378-10 25.06.2020 25.06.2020 Préstamo en sala

Powered by Koha